Members of the Blue Dog Caucus (2021-2023) - Statistics

General Stats
  • This quiz has been taken 14 times
  • The average score is 11 of 18
Answer Stats
District Congressperson % Correct
ME-2 Jared Golden
100%
HI-1 Ed Case
92%
NJ-5 Josh Gottheimer
85%
VA-7 Abigail Spanberger
69%
TX-28 Henry Cuellar
69%
GA-2 Sanford Bishop
69%
NJ-11 Mikie Sherrill
62%
GA-7 Carolyn Bourdeaux
54%
OR-5 Kurt Schrader
54%
CA-46 Lou Correa
54%
FL-7 Stephanie Murphy
54%
AZ-1 Tom O'Halleran
54%
TX-15 Vicente Gonzalez
54%
IL-10 Brad Schneider
46%
TN-5 Jim Cooper
46%
CA-16 Jim Costa
46%
GA-13 David Scott
38%
CA-5 Mike Thompson
38%
No matching quizzes found
Score Distribution
Percent of People with Each Score
Percentile by Number Answered
Your Score History
You have not taken this quiz